Statistiche per Quiz sul Veneto

Clicka qui per fare il quiz!

Statistiche generali

  • Questo quiz è stato fatto 479 volte
  • Il punteggio medio è 13 su 22

Statistiche sulle risposte

DomandaRisposta% Corretto
Capoluogo di regioneVenezia
100%
Regione amministrativa confinante (Italia)Lombardia
91%
Regione amministrativa confinante (Italia)Trentino - Alto Adige
91%
Regione amministrativa confinante (Italia)Friuli Venezia Giulia
90%
Regione amministrativa confinante (Italia)Emilia-Romagna
89%
Comune più popolosoVerona
85%
Capoluogo meno popolosoBelluno
80%
Lago più grandeLago di Garda
76%
Fiume più lungoPo
76%
Università più antica (1222)Università degli Studi di Padova
73%
Lingue riconosciuteVeneto
72%
Animale presente nella sua bandieraLeone
66%
Vino bianco DOC più famosoProsecco
47%
Macro-regione di cui fa parteTriveneto
45%
Santo patrono della regioneSan Marco Evangelista
34%
Lingue riconosciuteLadino
31%
Montagna più altaMarmolada
27%
Regione amministrativa confinante (estero)Tirolo
27%
Polo chimico industriale della laguna VenetaPorto Marghera
25%
Parco NazionaleParco nazionale delle Dolomiti Bellunesi
23%
Lingue riconosciuteFriulano
18%
Lingue riconosciuteCimbro
10%

Distribuzione punteggi

Percentile per numero di risposta

Percentuale di utenti per punteggio

I tuoi punteggi nel tempo

Non hai fatto questo quiz